Cohomologie des espaces localement compacts, d'apres J. Leray : exposes faits seminaire de topologie algebrique de l'ecole polytechnique federale au printemps 1951
Αποθηκεύτηκε σε:
| Κύριος συγγραφέας: | |
|---|---|
| Μορφή: | Βιβλίο |
| Γλώσσα: | French |
| Δημοσίευση: |
Berlin :
Springer-Verlag,
1964
|
| Έκδοση: | 3rd ed. |
| Σειρά: | Lecture notes in mathematics (Springer-Verlag)
; 2 |
| Θέματα: | |
| Ετικέτες: |
Προσθήκη ετικέτας
Δεν υπάρχουν, Καταχωρήστε ετικέτα πρώτοι!
|
MARC
| LEADER | 00000nam a2200000 i 4500 | ||
|---|---|---|---|
| 001 | 1/58168 | ||
| 008 | 941103s1964 fre d | ||
| 020 | |a 3-540-03179-0 | ||
| 035 | |a 1993 |l 10045863 | ||
| 040 | |a GR-MY-UA |b gre |e aacr | ||
| 041 | 0 | |a fre | |
| 082 | 0 | |a 512.55 | |
| 100 | 1 | |a Borel, Armand. | |
| 245 | 1 | 0 | |a Cohomologie des espaces localement compacts, d'apres J. Leray : |b exposes faits seminaire de topologie algebrique de l'ecole polytechnique federale au printemps 1951 / |c Armand Borel |
| 250 | |a 3rd ed. | ||
| 260 | |a Berlin : |b Springer-Verlag, |c 1964 | ||
| 300 | |a 93 p.; |c 25 cm. | ||
| 490 | 1 | |a Lecture notes in mathematics (Springer-Verlag) |v ; 2 | |
| 650 | 0 | 0 | |a Homology theory. |
| 830 | 0 | |a Lecture notes in mathematics (Springer-Verlag) |v ; 2 | |
| 852 | |a INST |b SAMOS |e 19941103 |h 512.55 BOR |p 005300008115 |q 005300008115 |t BK |y 0 | ||
| 909 | |a Σ |b 028811 | ||